000 00355 a2200109 4500
001 ART_17819
005 20260410161700.0
008 260409a
245 1 0 _aUn test de "Englobamiento" para dos modelos de la balanza comercial Argentina.
100 1 _aAhumada, Hildegart
773 0 _tEnsayos Económicos
_g- Nº 33 (mar. 1985)
_wREV620
999 _c15122
_d15122